| 000 | 00421nam a2200181Ia 4500 | ||
|---|---|---|---|
| 001 | 19766 | ||
| 005 | 20260306172717.0 | ||
| 008 | 260306t2019||||xx |||||||||||||| ||spa|| | ||
| 041 | _aESP | ||
| 082 |
_a341 _bZ25 |
||
| 100 |
_aZambrano, Pilar _eAUT |
||
| 245 | 0 | _aLa inteligibilidad del derecho | |
| 260 | _c2019 | ||
| 300 |
_a163 páginas : _c23 cm. |
||
| 650 | _aGEN | ||
| 654 | _aCDE | ||
| 942 |
_cLIB _dJUS _fJUS _2ddc _n |
||
| 999 |
_c19766 _d19766 |
||